A descubrir y conocer la magia de la tecnología (Registro nro. 2302)
[ vista simple ]
| 000 -CABECERA | |
|---|---|
| campo de control de longitud fija | 01147aam a2200385 4500 |
| 005 - FECHA Y HORA DE ACTUALIZACIÓN | |
| campo de control | 20220819180708.0 |
| 008 - LONGITUD FIJA | |
| campo de control de longitud fija | 150526b xxu||||| |||| 00| 0 spa d |
| 041 ## - IDIOMA | |
| Código de idioma del texto/pista de sonido o título separado | |
| 082 ## - CLASIFICACIÓN DECIMAL DEWEY | |
| Número de clasificación | 371.39 D446d |
| 245 ## - TÍTULO PROPIAMENTE DICHO | |
| Título | A descubrir y conocer la magia de la tecnología |
| 260 ## - PIE DE IMPRENTA | |
| Lugar de publicación, distribución, etc. | Uruguay |
| Nombre del editor, distribuidor, etc. | Arquetipo |
| Fecha de publicación, distribución, etc. | 2010 |
| 300 ## - DESCRIPCIÓN FÍSICA | |
| Extensión | 264 páginas |
| 505 ## - Nota de Contenido | |
| Nota de contenido | Contiene disco compacto N° 554 |
| 505 ## - Nota de Contenido | |
| Nota de contenido | Contiene disco interactivo (juegos para niños) |
| 650 ## - Materia General | |
| Materia general | APRENDIZAJE |
| 650 ## - Materia General | |
| Materia general | TECNOLOGÍA |
| 650 ## - Materia General | |
| Materia general | PRODUCTOS TECNOLÓGICOS |
| 650 ## - Materia General | |
| Materia general | PAISAJES |
| 650 ## - Materia General | |
| Materia general | VIVIENDA |
| 650 ## - Materia General | |
| Materia general | MATERIALES DE CONSTRUCCIÓN |
| 650 ## - Materia General | |
| Materia general | HERRAMIENTAS |
| 650 ## - Materia General | |
| Materia general | ESCUELAS |
| 650 ## - Materia General | |
| Materia general | ALIMENTACIÓN |
| 650 ## - Materia General | |
| Materia general | TRANSPORTE |
| 650 ## - Materia General | |
| Materia general | VESTIMENTA |
| 650 ## - Materia General | |
| Materia general | INDUSTRIA TEXTIL |
| 650 ## - Materia General | |
| Materia general | COMUNICACIÓN |
| 650 ## - Materia General | |
| Materia general | INFORMACIÓN |
| 650 ## - Materia General | |
| Materia general | RECREACIÓN |
| 650 ## - Materia General | |
| Materia general | ENERGÍA |
| 650 ## - Materia General | |
| Materia general | MAQUINARIAS |
| 650 ## - Materia General | |
| Materia general | MEDIO AMBIENTE |
| 650 ## - Materia General | |
| Materia general | PROTECCIÓN DEL PLANETA |
| 942 ## - Punto de Acceso Adicional Koha | |
| Tipo de ítem Koha | Libro |
| Estado perdido | Estado dañado | No para préstamo | Biblioteca permanente | Biblioteca actual | Signatura completa | Código de barras | Precio efectivo a partir del | Tipo de ítem |
|---|---|---|---|---|---|---|---|---|
| Departamento de Biblioteca y Documentación Alfonso Chase Brenes | Departamento de Biblioteca y Documentación Alfonso Chase Brenes | 371.39 D446d | 15267 | 09/09/2016 | Libro | |||
| Departamento de Biblioteca y Documentación Alfonso Chase Brenes | Departamento de Biblioteca y Documentación Alfonso Chase Brenes | 371.39 D446d | 554DC | 21/08/2019 | Disco Compacto |